MAASAI MARA UNIVERSITY

LIBRARY CATALOGUE

Contact Us: +254 020 2685356/7 or 0774 057787

Box: 861-20500, NAROK, KENYA

Email: info@mmarau.ac.ke

Information technology and management / (Record no. 23309)

MARC details
000 -LEADER
fixed length control field 01449cam a22003614a 4500
001 - CONTROL NUMBER
control field 12713034
003 - CONTROL NUMBER IDENTIFIER
control field OSt
005 - DATE AND TIME OF LATEST TRANSACTION
control field 20170518102839.0
008 - FIXED-LENGTH DATA ELEMENTS--GENERAL INFORMATION
fixed length control field 020321s2003 maua b 001 0 eng
010 ## - LIBRARY OF CONGRESS CONTROL NUMBER
LC control number 2002021930
020 ## - INTERNATIONAL STANDARD BOOK NUMBER
International Standard Book Number 0072315326
040 ## - CATALOGING SOURCE
Original cataloging agency MMU
Transcribing agency MMU
Modifying agency MMU
Language of cataloging Eng
042 ## - AUTHENTICATION CODE
Authentication code pcc
050 00 - LIBRARY OF CONGRESS CALL NUMBER
Classification number HD30.2
Item number .C42 2003
082 00 - DEWEY DECIMAL CLASSIFICATION NUMBER
Classification number 658.4/038
Edition number 21
100 1# - MAIN ENTRY--PERSONAL NAME
Personal name Thompson, Ronald L.
245 10 - TITLE STATEMENT
Title Information technology and management /
Statement of responsibility, etc. Ronald Thompson, William Cats-Baril.
250 ## - EDITION STATEMENT
Edition statement 2nd ed.
260 ## - PUBLICATION, DISTRIBUTION, ETC. (IMPRINT)
Place of publication, distribution, etc. Boston, Mass. :
Name of publisher, distributor, etc. McGraw-Hill,
Date of publication, distribution, etc. c2003.
300 ## - PHYSICAL DESCRIPTION
Extent xix, 537 p. :
Other physical details col. ill. ;
Dimensions 28 cm.
500 ## - GENERAL NOTE
General note Cats-Baril's name appears first on the earlier ed.
504 ## - BIBLIOGRAPHY, ETC. NOTE
Bibliography, etc Includes bibliographical references and index.
650 #0 - SUBJECT ADDED ENTRY--TOPICAL TERM
Topical term or geographic name as entry element Information technology
General subdivision Management.
650 #0 - SUBJECT ADDED ENTRY--TOPICAL TERM
Topical term or geographic name as entry element Management information systems.
650 #0 - SUBJECT ADDED ENTRY--TOPICAL TERM
Topical term or geographic name as entry element Information technology
General subdivision Management
Form subdivision Case studies.
700 1# - ADDED ENTRY--PERSONAL NAME
Personal name Cats-Baril, William L.
856 41 - ELECTRONIC LOCATION AND ACCESS
Materials specified Table of contents
Uniform Resource Identifier <a href="http://www.loc.gov/catdir/toc/mh031/2002021930.html">http://www.loc.gov/catdir/toc/mh031/2002021930.html</a>
856 42 - ELECTRONIC LOCATION AND ACCESS
Materials specified Publisher description
Uniform Resource Identifier <a href="http://www.loc.gov/catdir/description/mh024/2002021930.html">http://www.loc.gov/catdir/description/mh024/2002021930.html</a>
856 42 - ELECTRONIC LOCATION AND ACCESS
Materials specified Contributor biographical information
Uniform Resource Identifier <a href="http://www.loc.gov/catdir/enhancements/fy0702/2002021930-b.html">http://www.loc.gov/catdir/enhancements/fy0702/2002021930-b.html</a>
906 ## - LOCAL DATA ELEMENT F, LDF (RLIN)
a 7
b cbc
c orignew
d 1
e ocip
f 20
g y-gencatlg
942 ## - ADDED ENTRY ELEMENTS (KOHA)
Source of classification or shelving scheme Library of Congress Classification
Koha item type SL
Holdings
Withdrawn status Lost status Source of classification or shelving scheme Damaged status Not for loan Home library Current library Date acquired Source of acquisition Total Checkouts Full call number Barcode Date last seen Date last checked out Price effective from Koha item type
    Library of Congress Classification     Maasai Mara University Library -Main Campus Maasai Mara University Library -Main Campus 02/21/2017 Donation- T4C 1 HD30.2.C42 2003 17024772 04/20/2018 04/20/2018 02/21/2017 SL
© 2016 Maasai Mara University.